000 00290nam a22001337a 4500
041 _aENG
100 _aNersesian .L.R
245 _aEnergy For The 21st Century
250 _aSecond Ed
260 _aDelhi
_bYes Dee Pub
_c2011
300 _a400
650 _aEOES
856 _uEOES ( 11 )
999 _c1131
_d1131